| 000 | 00867nac a22002411u 4500 | ||
|---|---|---|---|
| 010 | _a012034555 | ||
| 020 | _a185339534X (pbk.) | ||
| 022 | _a906832133 | ||
| 082 |
_a361.70681 _bWIL |
||
| 090 |
_c7340 _d7340 |
||
| 100 | _aWilson, Elizabeth West | ||
| 245 |
_aBuilding structures and skills for fundraising / _cElizabeth Westman Wilson. |
||
| 260 |
_aLondon : _bITDG, c2001. _cc2001. |
||
| 300 |
_a202 p. : _b ill. ; _c24 cm. |
||
| 490 | _a( Fundraising close to home ; 2) | ||
| 500 | _aDistributer: Al-Ahram. | ||
| 504 | _aIncludes bibliographical references and index. | ||
| 511 | _aCatalogued By: Mahitab. | ||
| 650 | _aFund raising. | ||
| 650 | _aCharities -- Public relations. | ||
| 942 |
_cBB _k361.70681 WIL |
||
| 999 |
_c7340 _d7340 |
||